Score 0/25 Timer 10:00
0 Plays Today
% Correct
The Fast and the Furious
91.1%
Mean Girls
81.6%
Star Trek Into Darkness
76.8%
Pretty Woman
73.8%
La La Land
71.2%
Jumanji
69.9%
Big Hero 6
69.7%
The Social Network
67.2%
Fantastic Four
66.6%
Twilight
64.3%
Trainspotting
60.6%
Captain America: Civil War
59.3%
No Country for Old Men
55.1%
% Correct
The Royal Tenenbaums
47.8%
Close Encounters of the Third Kind
44.8%
San Andreas
43.7%
Pan's Labyrinth
43.3%
The Mask of Zorro
41.5%
Tomorrowland
40.4%
Moonrise Kingdom
34.3%
The Haunted Mansion
32.1%
Sleepy Hollow
31.1%
Buried
31%
The League of Extraordinary Gentlemen
28%
The BFG
7%
Remove Ads.
Support Sporcle.
Get the best of Sporcle when you Go Orange. This ad-free experience offers more features, more stats, and more fun while also helping to support Sporcle. Thank you for becoming a member.

You're not logged in!

Compare scores with friends on all Sporcle quizzes.
OR
Log In

Sporcle TV

Today on Sporcle TV


Watch our educational content, quiz creation guides, and fun videos on Sporcle TV.

Show Comments

Extras

Top Quizzes Today


Score Distribution

Paid Content

Your Account Isn't Verified!

In order to create a playlist on Sporcle, you need to verify the email address you used during registration. Go to your Sporcle Settings to finish the process.

Report this User

Report this user for behavior that violates our Community Guidelines.

Details: